Databáze 4 GL

Bibliographic Details
Format: Book
Language:Czech
PhysicalDescription:79, [1] s. 20 cm
Published: Ústí nad Labem Dům techniky ČS VTS 1991

MARC

LEADER 00000nam a2200000 a 4500
001 vtls001128041
003 SK-MaSNL
005 20260224192435.0
008 250414s1991 CS 0 cze
035 |a SNK000070891 
040 |a SNK  |b slo  |c SNK  |e AACR2 
041 0 |a cze 
044 |a [CS] 
080 |a 681.3.01 4 GL  |2 1981 
245 0 0 |a Databáze 4 GL 
260 |a Ústí nad Labem  |b Dům techniky ČS VTS  |c 1991 
300 |a 79, [1] s.  |c 20 cm 
852 |a Slovenská národná knižnica 
954 |a systémy databázové 4 GL 
999 |c 1137513  |d 1139443 
952 |t P60, <04>, [BOOK], {604}  |a SNK  |b SNK  |y VYP  |7 0  |p 17A0206600  |o snkIC 118040  |0 0  |1 0  |4 0  |d 1999-08-18  |l 0  |r 2005-01-01 00:00:00  |w 2026-02-24